Central Library OPAC University of Rajshahi

The power and the glory / (Record no. 38210)

MARC details
000 -LEADER
fixed length control field 00964cam a22002771a 4500
001 - CONTROL NUMBER
control field 38210
003 - CONTROL NUMBER IDENTIFIER
rucl marc code BD-RjUL
005 - DATE AND TIME OF LATEST TRANSACTION
control field 20211209052741.0
008 - FIXED-LENGTH DATA ELEMENTS--GENERAL INFORMATION
fixed length control field 151007s1952 enk 000 1 eng
035 ## - SYSTEM CONTROL NUMBER
System control number (BD-RjUL) 38315
040 ## - CATALOGING SOURCE
Original cataloging agency DLC
Transcribing agency DLC
Modifying agency DLC
-- BD-RjUL
Language of cataloging eng
041 ## - LANGUAGE CODE
Language code of text/sound track or separate title eng
082 04 - DEWEY DECIMAL CLASSIFICATION NUMBER
Classification number 823.912
Author mark and year GRP 1952
Edition number 23
100 1# - MAIN ENTRY--PERSONAL NAME
Personal name Greene, Graham,
Dates associated with a name 1904-1991.
9 (RLIN) 53973
245 14 - TITLE STATEMENT
Title The power and the glory /
Statement of responsibility, etc. Graham Greene.
260 ## - PUBLICATION, DISTRIBUTION, ETC. (IMPRINT)
Place of publication, distribution, etc. London :
Name of publisher, distributor, etc. William Heinemann Ltd.,
Date of publication, distribution, etc. 1952.
300 ## - PHYSICAL DESCRIPTION
Pagination 212 p. ;
Size 20 cm.
490 ## - SERIES STATEMENT
Series statement Vanguard Library. no. 3.
500 ## - GENERAL NOTE
General note "First issued in The Vanguard Library 1952." American edition (New York, The Viking press)--has title: The labyrinthine ways.
600 ## - SUBJECT ADDED ENTRY--PERSONAL NAME
Personal name Greene, Graham
Chronological subdivision 1904-1991
General subdivision Power and the glory.
650 #0 - SUBJECT ADDED ENTRY--TOPICAL TERM
Topical term or geographic name as entry element Romance Ingles.
9 (RLIN) 118161
Topical term or geographic name as entry element Anti-clericalism
Form subdivision Fiction.
9 (RLIN) 118163
Topical term or geographic name as entry element Clergy
Form subdivision Fiction.
9 (RLIN) 61736
942 ## - ADDED ENTRY ELEMENTS (KOHA)
Source of classification or shelving scheme Dewey Decimal Classification
Koha item type Books
Holdings
Lost status Source of classification or shelving scheme Damaged status Not for loan Collection code Permanent Location Current Location Shelving location Date acquired Source of acquisition Total Checkouts Full call number Date last seen Date checked out Copy number Koha item type
  Dewey Decimal Classification     Fiction Central Library, University of Rajshahi Central Library, University of Rajshahi   11/09/1990 Shaukat osman 1 823.912 GRP 1952 25/10/2015 08/10/2015 C-2 Books